000
00331nam a2200145Ia 4500
008
140316s9999 xx 000 0 und d
020
_a
0 85198 529 7
082
_a
633 .32
_b
BAK/WH
100
_a
245
_a
White clover
260
_a
UK
_b
CAB international
_c
1987
300
_a
534
700
_a
Baker,M J
942
_2
ddc
_c
REF
999
_c
17772
_d
17772